Responsible Christian (Record no. 14691)

MARC details
000 -LEADER
campo de control de longitud fija 00651ntaaa2200205 4500
003 - IDENTIFICADOR DE NÚMERO DE CONTROL
campo de control 01
005 - FECHA Y HORA DE LA ÚLTIMA TRANSACCIÓN
campo de control 20251027202008.0
008 - DATOS DE LONGITUD FIJA--INFORMACIÓN GENERAL
campo de control de longitud fija 0714s1973 ag 01
040 ## - FUENTE DE CATALOGACIÓN
Centro catalogador/agencia de origen AR-BaBN
Lengua de catalogación spa
Centro/agencia transcriptor AR-BaBN
Normas de descripción aacr
Centro/agencia modificador RIC
082 ## - NÚMERO DE LA CLASIFICACIÓN DECIMAL DEWEY
Número de clasificación 261.0000 Ob2
100 ## - ENTRADA PRINCIPAL--NOMBRE DE PERSONA
Nombre de persona Obenhaus, Victor
9 (RLIN) 18528
245 ## - MENCIÓN DEL TÍTULO
Título Responsible Christian
250 ## - MENCION DE EDICION
Mención de edición 1 ed. :
Resto de la mención de edición University of Chicago Press,
-- c/957
300 ## - DESCRIPCIÓN FÍSICA
Extensión xi, 218 p.
500 ## - NOTA GENERAL
Nota general "an examination of the part Christians must play in the economic and social world if the Christian faith is not to lose its vitality"
650 ## - PUNTO DE ACCESO ADICIONAL DE MATERIA--TÉRMINO DE MATERIA
Término de materia o nombre geográfico como elemento de entrada Teología
650 ## - PUNTO DE ACCESO ADICIONAL DE MATERIA--TÉRMINO DE MATERIA
Término de materia o nombre geográfico como elemento de entrada Cristianismo-Sociedad
9 (RLIN) 1412
650 ## - PUNTO DE ACCESO ADICIONAL DE MATERIA--TÉRMINO DE MATERIA
Término de materia o nombre geográfico como elemento de entrada Ética Cristiana
942 ## - ELEMENTOS DE ENTRADA SECUNDARIOS (KOHA)
Tipo de ítem Koha Colección General
Holdings
Estatus retirado Estado de pérdida Estado de daño No para préstamo Biblioteca de origen Biblioteca actual Fecha de adquisición Número de inventario Total de préstamos Signatura topográfica completa Código de barras Visto por última vez Precio de reemplazo Tipo de ítem Koha
        Biblioteca Pluis Biblioteca Pluis 27/10/2025 15916   261.0000 Ob2 15916 27/10/2025 27/10/2025 Colección General